000 00352nam a2200133Ia 4500
005 20260328104331.0
008 260328s9999||||xx |||||||||||||| ||und||
100 _aLamarre, Guillaume
245 0 _aStorytelling como estrategia de Comunicación /
_cGuillaume Lamarre
260 _bGustavo Gili
300 _a171 p.
650 _aGRAFICAS
942 _cBK
999 _c11731
_d11731